000 00854nam a2200253 a 4500
001 BRCA_4862
005 20190320204832.0
008 071010s1977----uk-a######---#000-0#eng-#
020 _a0714100560
041 _aeng
044 _aUk
050 4 _aND1053
_b.B75 1977
245 1 0 _aCollectors & Collections
_cedited by Richard Camber ; designed by Bernard Crossland.
260 _aGran Bretaña
_bThe Trustees of the British Museum
_c1977
300 _a276 p.
_bil. (algunas a color)
_c28 cm.
440 0 _aThe British Museum Yearbook
_v2
_912298
500 _aIncluye índice alfábetico
500 _aDonación Dr. Héctor Rivero Borrell Vázquez
610 2 4 _aBritish Museum
_vCatálogos
_xarte e historia
_912299
700 1 _aCamber, Richard
_eEditor
_912300
700 1 _aCrossland, Bernard
_eDiseñador
_912301
902 _aDHR
942 _2lcc
_cB
999 _c4556
_d4556